000 02550cam a2200361 i 4500
999 _c2792
_d2792
006 m |o go|ad
007 cr |||||||||||
008 200810s2021 enka ob 001 0 eng d
020 _a9780429281891
_q(ebook)
040 _aKO
_beng
041 0 _aeng
044 _aenk
082 0 0 _a343.0968
_223
100 1 _aFernandez, Jonatan Echebarria,
245 1 0 _aJurisdiction and arbitration agreements in contracts for the carriage of goods by sea :
_blimitations on party autonomy /
_cJonatan Echebarria Fernandez.
264 1 _aLondon :
_bInforma Law from Routledge,
_c2021.
300 _a1 online resource :
_billustrations.
490 0 _aMaritime and transport law library
504 _aIncludes bibliographical references and index.
505 0 _aInternational jurisdiction and arbitration -- Incorporation of dispute resolution clauses contained in the charterparty into the bill of lading -- Anti-suit injunctions.
520 _a"Jurisdiction and Arbitration Agreements in Contracts for the Carriage of Goods by Sea focuses on party autonomy and its limitations in relation to jurisdiction and arbitration clauses included in contracts for the carriage of goods by sea in case of any cargo dispute. The author takes the perspective of the shipping companies and the shipowners, as these are the driving forces of the shipping industry due to their strategic importance. The book provides an analysis of the existing law on the recognition and validity of jurisdiction and arbitration clauses in the contracts for the carriage of goods by sea. The author also seeks to provide conclusions and to learn lessons for the future of the non-recognition and the non-enforcement of the clauses in the existing fragmented legal framework at an international, European Union, and national level (England & Wales and Spain). The interface between the different legal regimes reveals the lack of international harmonisation and the existence of 'forum shopping' when a cargo interest sues the shipowner or the party to whom the shipowner charters the vessel. This concise book provides a useful overview of existing research, for students, scholars and shipping lawyers"--
650 0 _aContracts, Maritime.
650 0 _aBills of lading.
650 0 _aMaritime law.
650 0 _aTransportation
_xLaw and legislation.
650 0 _aDispute resolution (Law)
650 0 _aArbitration and award.
856 4 0 _uhttp://www.taylorfrancis.com/books/9780429281891
904 _aRUDRA_R
905 _aR_RANJAN
942 _cEB